Music Quiz

Random Music or Singers Quiz

Let's Dance! Musician Edition Quiz Stats

 Plays Quiz Updated Nov 13, 2015

Also try: Let's Dance!
Challenge
Share
Tweet
Score 0/20 Timer 08:00
3 Plays Today
% Correct
Michael Jackson
99.2%
Elvis Presley
96.4%
Justin Bieber
95.1%
Spice Girls
93.9%
Madonna
93.3%
Justin Timberlake
92.2%
Eminem
90.7%
Lady Gaga & Tony Bennett
90.4%
Stevie Wonder
90.1%
Dolly Parton
86.9%
% Correct
Fergie
84.8%
Bruno Mars
84.7%
David Bowie
82.5%
Pharrell Williams
81.5%
Weird Al Yankovic
80.1%
PSY
73.3%
Dean Martin
65.3%
Kelly Clarkson
63.7%
Drake
50.4%
Pat Benatar
43.7%

You're not logged in!

Compare scores with friends on all Sporcle quizzes.
Join for Free
OR
Log In

You Might Also Like...

Show Comments

Extras

Top Quizzes Today


Score Distribution

Your Account Isn't Verified!

In order to create a playlist on Sporcle, you need to verify the email address you used during registration. Go to your Sporcle Settings to finish the process.

Report this User

Report this user for behavior that violates our Community Guidelines.

Details: